|
|
|
|
| LEADER |
00000cam a2200000 7i4500 |
| 001 |
0000046981 |
| 005 |
20150412.0 |
| 008 |
150412 |
| 020 |
|
|
|a 9679413373(set)
|
| 020 |
|
|
|a 9679413497
|
| 020 |
|
|
|a 9789679413496
|
| 090 |
0 |
0 |
|a 959.5
|b MOH
|
| 100 |
1 |
|
|a Mohamed Roselan Abd. Malek
|
| 245 |
1 |
0 |
|a Negeri Pulau Pinang
|c Mohamed Roselan Abd. Malek
|
| 260 |
|
|
|a Selangor :
|b Oscar Book International ,
|c 1998
|
| 490 |
1 |
|
|a Siri kesan sejarah dan tempat-tempat menarik
|
| 650 |
|
0 |
|a Pulau Pinang
|x Description and travel
|
| 650 |
|
0 |
|a Pulau Pinang
|x History
|
| 999 |
|
|
|a 0000713562
|b Book
|c Adult Collection
|e Cawangan Mersing
|
| 999 |
|
|
|a 0000713581
|b Book
|c Adult Collection
|e Cawangan Mersing
|
| 999 |
|
|
|a 0000713582
|b Book
|c Adult Collection
|e Cawangan Tmn. Ungku Tun Aminah
|
| 999 |
|
|
|a 0000713597
|b Book
|c Adult Collection
|e Cawangan Muar
|
| 999 |
|
|
|a 0000713599
|b Book
|c Adult Collection
|e Cawangan Muar
|
| 999 |
|
|
|a 0000713604
|b Book
|c Adult Collection
|e Cawangan Tangkak
|
| 999 |
|
|
|a 000713570
|b Book
|c Adult Collection
|e Cawangan Batu Pahat
|